| 000 | 01593cam a2200397 i 4500 | ||
|---|---|---|---|
| 001 | 24916 | ||
| 003 | Mx-PuUPA | ||
| 005 | 20250409152505.0 | ||
| 008 | 140415s2012 mx gr 001 0 spa d | ||
| 020 | _a9786070711145 | ||
| 040 |
_aMx-PuUPA _cMx-PuUPA _bspa _dMx-PuUPA _erda |
||
| 041 | 0 | _aspa | |
| 043 | _an-mx--- | ||
| 245 | 1 | 3 |
_aEl lado oscuro de Enrique Peña Nieto / _ccoordinador, Rafael Rodríguez Castañeda ; con el equipo de reporteros de la Revista Proceso, Álvaro Delgado, Jesusa Cervantes, Gloria Leticia Díaz [y otros siete] |
| 250 |
_aPrimera edición / _babril |
||
| 264 | 1 |
_aMéxico, D. F. : _bTemas de hoy ; _c©2012 |
|
| 300 |
_a303 páginas ; _c23 cm |
||
| 336 |
_2rdacontent _atexto _btxt |
||
| 337 |
_2rdamedia _asin medio _bn |
||
| 338 |
_2rdacarrier _avolumen _bnc |
||
| 600 | 1 | 4 |
_aPeña Nieto, Enrique, _d1966- |
| 650 | 7 |
_2armarc _aGobernadores _zMéxico _zEstado de México |
|
| 650 | 7 |
_2armarc _aElecciones _xPresidentes _xMéxico 2012 |
|
| 651 | 4 |
_aEstado de México _xPolítica y gobierno _ySiglo XXI |
|
| 651 | 4 |
_aMéxico _xPolítica y gobierno _ySiglo XXI |
|
| 700 | 1 |
_aRodríguez Castañeda, Rafael _ecoordinador |
|
| 700 | 1 |
_aDelgado, Álvaro, _ecolaborador _911127 |
|
| 700 | 1 |
_aCervantes, Jesusa, _ecolaborador |
|
| 700 | 1 |
_aDíaz, Gloria Leticia, _ecolaborador |
|
| 710 | 2 |
_aCISA, Comunicación e Información _ecolaborador |
|
| 942 |
_2ddc _cLI _h320.972520905 _iL53 |
||
| 999 |
_c24916 _d24916 |
||